Länder und Hauptstädte Ozeaniens - Statistiken

Allgemein
  • Dieses Quiz wurde 29 mal gespielt
  • Das Durchschnittsergebnis liegt bei 9 aus 14
Antwortstatistiken
Land Hauptstadt % Korrekt
Australien Canberra
100%
Neuseeland Wellington
95%
Papua-Neuguinea Port Moresby
84%
Fidschi Suva
79%
Nauru Yaren
74%
Samoa Apia
68%
Vanuatu Port Vila
63%
Tuvalu Funafuti
58%
Mikronesien Palikir
58%
Salomonen Honiara
53%
Tonga Nuku'alofa
53%
Kiribati South Tarawa
53%
Marshallinseln Majuro
47%
Palau Ngerulmud
47%
Keine übereinstimmenden Quizze gefunden
Verteilung der Resultate
Anzahl Personen mit jedem Resultat
Perzentil nach korrekt beantworteten Fragen
Ihre Resultats-Entwicklung
Sie haben dieses Quiz noch nicht gespielt